|
|
|
|
| LEADER |
00000cam a22000002c 4500 |
| 001 |
186661052X |
| 003 |
DE-627 |
| 005 |
20250124054911.0 |
| 007 |
cr uuu---uuuuu |
| 008 |
231020s2008 xx |||||o 00| ||eng c |
| 035 |
|
|
|a (DE-627)186661052X
|
| 035 |
|
|
|a (DE-599)KXP186661052X
|
| 040 |
|
|
|a DE-627
|b ger
|c DE-627
|e rda
|
| 041 |
|
|
|a eng
|
| 084 |
|
|
|a 2,1
|2 ssgn
|
| 100 |
1 |
|
|a Musser, Amber Jamilla
|e VerfasserIn
|4 aut
|
| 245 |
1 |
0 |
|a Reading, Writing, and the Whip
|
| 264 |
|
1 |
|c 2008
|
| 336 |
|
|
|a Text
|b txt
|2 rdacontent
|
| 337 |
|
|
|a Computermedien
|b c
|2 rdamedia
|
| 338 |
|
|
|a Online-Ressource
|b cr
|2 rdacarrier
|
| 520 |
|
|
|a Reading masochism as a literary phenomenon means exploring several layers of relationships—of literature and performance, of textuality and subjectivity—and the relationships among various practices of reading. I start with Krafft-Ebing and his practices of reading, examine the relationship between literature and practice, and end with an exploration of diagnosis and writing. Rousseau's Confessions exemplifies these rich layers, as a text with a life and readership of its own and as writing exercise, and exemplifies what Michel Foucault termed a technology of the self. The link I am forging between Krafft-Ebing and Foucault's technologies of the self offers a reevaluation of Krafft-Ebing and pre-psychoanalytic studies of sexuality. History has not been kind to Psychopathia Sexualis. Historians of psychiatry describe this compendium of sexual perversity as a footnote in Krafft-Ebing's otherwise illustrious career as a leading Austrian psychiatrist..
|
| 856 |
4 |
0 |
|u https://core.ac.uk/download/233195640.pdf
|x Verlag
|z kostenfrei
|3 Volltext
|7 0
|
| 935 |
|
|
|a mkri
|
| 951 |
|
|
|a BO
|
| ELC |
|
|
|a 1
|
| LOK |
|
|
|0 000 xxxxxcx a22 zn 4500
|
| LOK |
|
|
|0 001 439424711X
|
| LOK |
|
|
|0 003 DE-627
|
| LOK |
|
|
|0 004 186661052X
|
| LOK |
|
|
|0 005 20231020043713
|
| LOK |
|
|
|0 008 231020||||||||||||||||ger|||||||
|
| LOK |
|
|
|0 035
|a (DE-2619)CORE69650997
|
| LOK |
|
|
|0 040
|a DE-2619
|c DE-627
|d DE-2619
|
| LOK |
|
|
|0 092
|o n
|
| LOK |
|
|
|0 852
|a DE-2619
|
| LOK |
|
|
|0 852 1
|9 00
|
| LOK |
|
|
|0 935
|a core
|
| LOK |
|
|
|0 939
|a 20-10-23
|b l01
|
| OAS |
|
|
|a 1
|
| ORI |
|
|
|a SA-MARC-krimdoka001.raw
|